| 000 | 00946nam a22002297a 4500 | ||
|---|---|---|---|
| 001 | 55647 | ||
| 003 | BD-RjUL | ||
| 005 | 20211209080309.0 | ||
| 008 | 161120s1981 ii ||||| |||| 00| 0 ben d | ||
| 035 | _a(BD-RjUL)55771 | ||
| 040 |
_aBD-RjUL _bben _cBD-RjUL |
||
| 041 | _aben | ||
| 082 |
_223 _a891.44309 _bCHB 1981 |
||
| 100 |
_aচট্রোপাধ্যায়, সুনীলকুমার _9127779 |
||
| 245 | 1 | 0 |
_aবিভূতিভূষণ : _bজীবন ও সাহিত্য / _cসুনীলকুমার চট্রোপাধ্যায় |
| 250 | _a২য় সং. | ||
| 260 |
_aকলিকাতা : _bজিজ্ঞাসা, _c১৯৮১ |
||
| 300 |
_a৩৮৮ পৃ. ; _c২১ সেমি. |
||
| 650 |
_aবাংলা উপন্যাস _9145818 _xইতিহাস সমালোচনা |
||
| 650 |
_aBengali Fiction _9145819 _xHistory & Criticism |
||
| 942 |
_2ddc _cBK |
||
| 999 |
_c55647 _d55647 |
||